| Registos Bibliográficos associados ao registo de autoridade |
|
Etiqueta de registo: 00477nam 22001571i 450 001 1273048 003 http://id.bnportugal.gov.pt/bib/catbnp/1273048 100 ## $a20020801d1639 k y0pory0103 ba 101 0# $apor 102 ## $aPT 105 ## $aa z 000yy 106 ## $ar 200 1# $aLiuro ordinario do officio diuino, e ceremonias da Ordem de Cister, da Congregaçaõ,
& Obseruancia de S. Maria de Alcobaça$fnouamente reformado, emendado, & acrecentado pelo Reuerendissimo Padre Fr. Arsenio
da Paixaõ, Religioso da mesma Ordem... 210 #9 $aEm Lisboa$cpor Manoel da Sylva impressor,$d[1]639 215 ## $a[20], 303, [1 br.] f., [1] grav. extratexto$cil.$d8º (15 cm) 305 ## $aNo pé de imprensa: "Com todas as licenças necessarias" 307 ## $aAnterrosto calc., tendo ao centro a efígie de S. Bernardo e no topo a Sagrada Família,
assin. "Almeida fes" 307 ## $aAssin.: [ ]//8, º//12, A-Z//8, Aa-Pp//8 316 ## $aAparado$5PTBN: RES. 81 P. 316 ## $aExemplar muito anotado e rasurado. - Enc. em pergaminho$5PTBN: R. 1743 P. 317 ## $aPert.: "Odivellas" (carimbo)$5PTBN: RES. 1395 P. 317 ## $aPert. na f. de rosto: "Livraria de Alcobaça" (carimbo)$5PTBN: R. 1743 P. 321 1# $aBarbosa Machado 1, 435 321 1# $aInocêncio 1, 305 321 1# $aPinto de Matos 488 321 1# $aMonteverde 3154 321 1# $aSamodães 2, 2337 321 1# $aArouca P 37 321 1# $aIberian Books B68750 [51650] 500 11 $aLiturgia e ritual.$iOfício divino 517 1# $aOrdinário do Oficio Divino 518 1# $aLivro Ordinário do Ofício Divino e Cerimónias da Ordem de Cister da Congregação e
Observância de Santa Maria de Alcobaça 620 ## $dLisboa 702 #1 $aPaixão,$bArsénio da,$f?-1641,$cO.Cist.$4340$31217702 702 #1 $aAlmeida,$bManuel de,$ffl. 1641$4350$3157862 702 #1 $aSilva,$bManuel da,$ffl. 162--165-$4610$3283519 710 02 $aIgreja Católica.$3920560 712 02 $aOrdem de Cister.$bMosteiro de São Dinis e São Bernardo$c(Odivelas)$4390$3473709 712 02 $aOrdem de Cister.$bMosteiro de Santa Maria$c(Alcobaça)$4390$38402 801 #0 $aPT$bBN$gRPC 801 #1 $aFR$bJOUVE$gRPC 966 ## $lBN$mFGMON$sR. 23011 P.$x0 966 ## $lBN$mFGMON$sR. 1743 P. 966 ## $lBN$mFGMON$sR. 24730 P.$x0 966 ## $lBN$mRESIMP$sRES. 81 P. 966 ## $lBN$mRESIMP$sRES. 977 P. 966 ## $lBN$mRESIMP$sRES. 1329 P. 966 ## $lBN$mRESIMP$sRES. 1395 P. 976 ## $d20260413$rpmesqui 997 ## $aBIBEOD
|
|
|